| 000 | 00963nam a22002537a 4500 | ||
|---|---|---|---|
| 005 | 20170124103046.0 | ||
| 010 | _aA-689717 | ||
| 020 | _c60.00 | ||
| 035 | _aA-689717 | ||
| 037 | _bCen Lib/Ret | ||
| 040 |
_aDPL _bHN |
||
| 082 |
_aउ _bनागर |
||
| 100 |
_aनागर, रामदयाल _969114 |
||
| 245 |
_aअंगूठे के निशान / _cरामदयाल नागर |
||
| 246 |
_aAnguthe ke nishan / _bby Ramdayal Naagar |
||
| 260 |
_aदिल्ली _bजीवन ज्योति प्रकाशन _c1994 |
||
| 270 |
_a3014, चर्खेवालान _bदिल्ली _e110006 |
||
| 300 |
_a134पृ. _c17सेमी(सजिल्द) |
||
| 650 |
_aहिन्दी साहित्य _969115 |
||
| 650 |
_aहिन्दी -- उपन्यास _969116 |
||
| 650 |
_aHindi literature _969117 |
||
| 650 |
_aHindi -- Fiction _927248 |
||
| 942 |
_2ddc _cHN _hउ _mनागर |
||
| 999 |
_c116936 _d116936 |
||